|
|
|
|
| LEADER |
00000nam2a2200000 4500 |
| 001 |
286900 |
| 005 |
20231101235934.0 |
| 035 |
|
|
|a (RuTPU)RU\TPU\book\311256
|
| 035 |
|
|
|a RU\TPU\book\279125
|
| 090 |
|
|
|a 286900
|
| 100 |
|
|
|a 20150311d1985 k y0rusy50 ca
|
| 101 |
0 |
|
|a rus
|
| 102 |
|
|
|a RU
|
| 105 |
|
|
|a y ac 001zy
|
| 200 |
0 |
|
|a Вып. 5 (23) : Естественные науки. Технические науки
|f сост. А. А. Смольевский
|
| 210 |
|
|
|d 1985
|
| 215 |
|
|
|a 299 с.
|
| 320 |
|
|
|a Имен. указ.: с. 214-234
|
| 320 |
|
|
|a Географический указатель: с. 235-246
|
| 320 |
|
|
|a Предметный указатель: с. 248-293
|
| 461 |
|
1 |
|0 (RuTPU)RU\TPU\book\301534
|t Труды и материалы научных конгрессов и совещаний, 1982-1983 гг.
|o указатель
|f Академия наук СССР (АН СССР), Библиотека (БАН)
|v Вып. 5 (23) : Естественные науки. Технические науки
|d 1985
|
| 606 |
1 |
|
|a Научно-технический потенциал
|2 stltpush
|3 (RuTPU)RU\TPU\subj\45166
|9 64427
|
| 606 |
1 |
|
|a Библиографические пособия
|x По естествознанию
|2 stltpush
|3 (RuTPU)RU\TPU\subj\28550
|9 52068
|
| 606 |
1 |
|
|a Библиографические пособия
|x По технике
|2 stltpush
|3 (RuTPU)RU\TPU\subj\69627
|9 84384
|
| 610 |
1 |
|
|a библиография
|
| 610 |
1 |
|
|a технические науки
|
| 610 |
1 |
|
|a указатели
|
| 610 |
1 |
|
|a естественные науки
|
| 610 |
1 |
|
|a научные конференции
|
| 610 |
1 |
|
|a совещания
|
| 675 |
|
|
|a 62(01)(063)
|v 3
|
| 686 |
|
|
|a Я19:5
|v LBC/SL-A
|2 rubbk
|
| 686 |
|
|
|a Я19:62
|v LBC/SL-A
|2 rubbk
|
| 702 |
|
1 |
|a Смольевский
|b А. А.
|4 220
|
| 801 |
|
1 |
|a RU
|b 63413507
|c 20140409
|
| 801 |
|
2 |
|a RU
|b 63413507
|c 20160620
|g RCR
|
| 942 |
|
|
|c BK
|